[Event "Staffordshire Major"]
[Site "Stoke-on-Trent"]
[Date "2025.08.17"]
[Round "4.1"]
[White "Singh, Amrik J"]
[Black "Vann, Richard"]
[Result "1-0"]
[WhiteElo "1872"]
[BlackElo "1872"]
[PlyCount "65"]
[EventDate "2025.08.16"]
[EventType "swiss"]
[EventRounds "5"]
[EventCountry "ENG"]
[SourceTitle "BritBase"]
[Source "John Saunders"]
[SourceDate "2025.08.19"]
[SourceVersion "1"]
[SourceVersionDate "2025.08.19"]
[SourceQuality "1"]

1. e4 c6 2. f4 d5 3. e5 Bf5 4. d3 c5 5. Nf3 Nc6 6. c3 e6 7. Na3 Be7 8. Be2 h5 9. O-O Nh6 10. Nc2 d4 11. c4 Bg6 12. Nce1 Nf5 13. g3 Qd7 14. Ng2 Rd8 15. Nd2 h4 16. Ne4 hxg3 17. hxg3 Rh3 18. Bg4 Rh8 19. Bxf5 Bxf5 20. Qf3 Bxe4 21. Qxe4 Nb4 22. a3 Nc2 23. Rb1 Ne3 24. Nxe3 dxe3 25. Rd1 f5 26. exf6 gxf6 27. Bxe3 Kf7 28. Kg2 Rdg8 29. d4 f5 30. Qf3 Bh4 31. Bf2 cxd4 32. Rxd4 Qxd4 33. Bxd4 1-0

[Event "Staffordshire Major"]
[Site "Stoke-on-Trent"]
[Date "2025.08.17"]
[Round "4.2"]
[White "Reed, Kyle"]
[Black "Saunders, Michael"]
[Result "1-0"]
[WhiteElo "1930"]
[BlackElo "1668"]
[PlyCount "83"]
[EventDate "2025.08.16"]
[EventType "swiss"]
[EventRounds "5"]
[EventCountry "ENG"]
[SourceTitle "BritBase"]
[Source "John Saunders"]
[SourceDate "2025.08.19"]
[SourceVersion "1"]
[SourceVersionDate "2025.08.19"]
[SourceQuality "1"]

1. d4 Nf6 2. c4 g6 3. Nc3 d5 4. Bf4 Bg7 5. Nf3 O-O 6. Rc1 c5 7. dxc5 Qa5 8. cxd5 Rd8 9. Bd2 Qxc5 10. Qb3 Na6 11. e4 Ng4 12. Nd1 Qd6 13. Be2 Ne5 14. O-O Nxf3+ 15. Bxf3 e6 16. Bg5 Re8 17. Ne3 Qe5 18. Qb5 Kf8 19. Bh4 Qxb2 20. Qa4 b5 21. Qb3 Rb8 22. Bg3 Rb6 23. Rfd1 Bd7 24. Rc2 Qxb3 25. axb3 e5 26. Rdc1 Ke7 27. Be2 f5 28. f3 f4 29. Bh4+ Kd6 30. Nd1 h6 31. Be1 g5 32. Nb2 Bf6 33. Ba5 Rb7 34. Rc6+ Bxc6 35. Rxc6+ Ke7 36. Re6+ Kf7 37. Rxa6 Rc8 38. Rc6 Rxc6 39. dxc6 Rb8 40. c7 Rc8 41. Bxb5 Ke7 42. Ba6 1-0

[Event "Staffordshire Major"]
[Site "Stoke-on-Trent"]
[Date "2025.08.17"]
[Round "4.3"]
[White "Blackburn, Jon EW"]
[Black "Gostelow, David"]
[Result "1/2-1/2"]
[WhiteElo "1645"]
[BlackElo "1746"]
[PlyCount "53"]
[EventDate "2025.08.16"]
[EventType "swiss"]
[EventRounds "5"]
[EventCountry "ENG"]
[SourceTitle "BritBase"]
[Source "John Saunders"]
[SourceDate "2025.08.19"]
[SourceVersion "1"]
[SourceVersionDate "2025.08.19"]
[SourceQuality "1"]

1. d4 d5 2. Nf3 Nf6 3. Bf4 c6 4. e3 Bf5 5. Bd3 Bg6 6. Nbd2 e6 7. Ne5 Bd6 8. O-O Qc7 9. Ndf3 Nbd7 10. h3 Be4 11. Nxd7 Qxd7 12. Ne5 Qc7 13. Bg3 O-O 14. f4 Bxd3 15. cxd3 c5 16. Rc1 Qa5 17. a3 cxd4 18. exd4 Qb6 19. Bf2 Qxb2 20. Rb1 Qxa3 21. Rxb7 Rab8 22. Qb1 Rxb7 23. Qxb7 Rb8 24. Qc6 g6 25. Bh4 Kg7 26. Bxf6+ Kxf6 27. Nd7+ 1/2-1/2

[Event "Staffordshire Major"]
[Site "Stoke-on-Trent"]
[Date "2025.08.17"]
[Round "5.1"]
[White "Singh, Amrik J"]
[Black "Reed, Kyle"]
[Result "0-1"]
[WhiteElo "1872"]
[BlackElo "1930"]
[PlyCount "92"]
[EventDate "2025.08.16"]
[EventType "swiss"]
[EventRounds "5"]
[EventCountry "ENG"]
[SourceTitle "BritBase"]
[Source "John Saunders"]
[SourceDate "2025.08.19"]
[SourceVersion "1"]
[SourceVersionDate "2025.08.19"]
[SourceQuality "1"]

1. e4 e5 2. Nf3 Nc6 3. Bc4 Nf6 4. Ng5 d5 5. exd5 Na5 6. d3 h6 7. Nf3 e4 8. Qe2 Nxc4 9. dxc4 Bc5 10. h3 O-O 11. Nh2 c6 12. dxc6 e3 13. Bxe3 Bxe3 14. fxe3 Ne4 15. O-O Ng3 16. Qd3 Nxf1 17. Nxf1 Qg5 18. Qd5 Qxd5 19. cxd5 bxc6 20. c4 cxd5 21. cxd5 Rb8 22. b3 Bb7 23. Nc3 Rfd8 24. e4 f5 25. exf5 Bxd5 26. Rd1 Bc6 27. Kf2 Rxd1 28. Nxd1 a5 29. g4 a4 30. Nd2 axb3 31. axb3 Bd5 32. Ne3 Bxb3 33. Nxb3 Rxb3 34. h4 Kf7 35. g5 Ke7 36. Kf3 h5 37. Kf4 Rb4+ 38. Kg3 Kd6 39. f6 gxf6 40. Nf5+ Ke5 41. Ng7 fxg5 42. hxg5 Rg4+ 43. Kh3 Rxg5 44. Ne8 Rg8 45. Nc7 Rg7 46. Nb5 Rb7 0-1

[Event "Staffordshire Major"]
[Site "Stoke-on-Trent"]
[Date "2025.08.17"]
[Round "5.2"]
[White "London, Nicholas"]
[Black "Burns, Martin J"]
[Result "1/2-1/2"]
[WhiteElo "1742"]
[BlackElo "1884"]
[PlyCount "110"]
[EventDate "2025.08.16"]
[EventType "swiss"]
[EventRounds "5"]
[EventCountry "ENG"]
[SourceTitle "BritBase"]
[Source "John Saunders"]
[SourceDate "2025.08.19"]
[SourceVersion "1"]
[SourceVersionDate "2025.08.19"]
[SourceQuality "1"]

1. d4 Nf6 2. c4 g6 3. Nc3 d5 4. cxd5 Nxd5 5. Bd2 Nxc3 6. Bxc3 Bg7 7. e3 O-O 8. Bc4 Nd7 9. Ne2 c6 10. O-O Nb6 11. Bb3 Nd5 12. Bd2 Nf6 13. Nc3 b6 14. Qe2 Bb7 15. Rfd1 Qc8 16. Rac1 Qf5 17. Bc2 Qd7 18. Bd3 Rfd8 19. Be1 h5 20. b4 Rac8 21. f3 Bh6 22. b5 Qe6 23. Bf2 Nd5 24. bxc6 Bxc6 25. Ba6 Nxc3 26. Rxc3 Bb7 27. Bc4 Bd5 28. Rdc1 Bxc4 29. Rxc4 Rxc4 30. Rxc4 Rc8 31. d5 Qd7 32. e4 Rxc4 33. Qxc4 Bf4 34. Bd4 Qc7 35. Qxc7 Bxc7 36. Kf2 e6 37. dxe6 fxe6 38. h3 Kf7 39. Ke3 e5 40. Bc3 b5 41. Kd3 Ke6 42. Bb4 Bb6 43. Bf8 Kd7 44. Kc3 Kc6 45. Bg7 Bc7 46. Bf8 a5 47. Be7 Bd6 48. Bd8 Bc7 49. Be7 Bb6 50. g4 Bc5 51. Bf6 Bd6 52. Bd8 Bc7 53. Be7 Bd6 54. Bd8 Bc7 55. Bf6 Bd6 1/2-1/2

[Event "Staffordshire Major"]
[Site "Stoke-on-Trent"]
[Date "2025.08.17"]
[Round "5.3"]
[White "Gostelow, David"]
[Black "Wright, Dennis"]
[Result "0-1"]
[WhiteElo "1746"]
[BlackElo "1660"]
[PlyCount "88"]
[EventDate "2025.08.16"]
[EventType "swiss"]
[EventRounds "5"]
[EventCountry "ENG"]
[SourceTitle "BritBase"]
[Source "John Saunders"]
[SourceDate "2025.08.19"]
[SourceVersion "1"]
[SourceVersionDate "2025.08.19"]
[SourceQuality "1"]

1. d4 g6 2. Bf4 Bg7 3. Nf3 d6 4. e3 Nd7 5. Nbd2 h6 6. Bd3 e5 7. Bg3 Ne7 8. c3 O-O 9. e4 Nc6 10. d5 Ne7 11. Qc2 Nc5 12. Bc4 f5 13. b4 Nxe4 14. Nxe4 fxe4 15. Qxe4 Bf5 16. Qe2 Qd7 17. h3 Rae8 18. O-O g5 19. Rad1 Ng6 20. Rfe1 Qe7 21. Bb5 Bd7 22. Bxd7 Qxd7 23. Qe4 Qf7 24. Rd3 Nf4 25. Rde3 Nxd5 26. Rd3 Nf4 27. Rd2 d5 28. Qc2 c6 29. Red1 Nxh3+ 30. Kh2 Nf4 31. c4 Qh5+ 32. Kg1 d4 33. Nh2 Qf7 34. f3 d3 35. Qb3 Ne2+ 36. Kf2 Nxg3 37. Rxd3 Nf5 38. Ng4 b5 39. Rc3 Nd4 40. Qa3 e4 41. c5 h5 42. Nh2 Qc7 43. Nf1 exf3 44. gxf3 g4 0-1